BICARA TENTANG GIGI DAN MULUT / (Record no. 203588)
[ view plain ]
| 000 -LEADER | |
|---|---|
| fixed length control field | 00994nam a2200289 i 4500 |
| 005 - DATE AND TIME OF LATEST TRANSACTION | |
| control field | 20260330160305.0 |
| 008 - FIXED-LENGTH DATA ELEMENTS--GENERAL INFORMATION | |
| fixed length control field | 260330t20252025my ao gr o001 0cmay d |
| 020 ## - INTERNATIONAL STANDARD BOOK NUMBER | |
| International Standard Book Number | 9789834947705 |
| Terms of availability | RM51.00 |
| Qualifying information | paperback |
| 040 ## - CATALOGING SOURCE | |
| Original cataloging agency | PPAK |
| Language of cataloging | eng |
| Transcribing agency | PPAK |
| Description conventions | rda |
| 082 04 - DEWEY DECIMAL CLASSIFICATION NUMBER | |
| Edition number | 23 |
| Classification number | 617.601 |
| 090 00 - LOCALLY ASSIGNED LC-TYPE CALL NUMBER (OCLC); LOCAL CALL NUMBER (RLIN) | |
| Classification number (OCLC) (R) ; Classification number, CALL (RLIN) (NR) | 617.601 |
| Feature heading | FAR |
| Feature heading | G |
| 100 0# - MAIN ENTRY--PERSONAL NAME | |
| Personal name | Farid Che Ghazali, |
| Titles and words associated with a name | Kapten (B) Dr., |
| Relator term | author. |
| 245 10 - TITLE STATEMENT | |
| Title | BICARA TENTANG GIGI DAN MULUT / |
| Statement of responsibility, etc. | FARID CHE GHAZALI, NUR FATHIAH FARID |
| 264 #1 - PRODUCTION, PUBLICATION, DISTRIBUTION, MANUFACTURE, AND COPYRIGHT NOTICE | |
| Place of production, publication, distribution, manufacture | Kuala Lumpur : |
| Name of producer, publisher, distributor, manufacturer | Dewan Bahasa dan Pustaka, |
| Date of production, publication, distribution, manufacture, or copyright notice | 2025 |
| Date of production, publication, distribution, manufacture, or copyright notice | ©2025 |
| 300 ## - PHYSICAL DESCRIPTION | |
| Extent | xviii, 186 pages : |
| Other physical details | colour illustrations, colour photographs ; |
| Dimensions | 23 cm |
| 336 ## - CONTENT TYPE | |
| Content type term | text |
| Source | rdacontent |
| 337 ## - MEDIA TYPE | |
| Media type term | unmediated |
| Source | rdamedia |
| 338 ## - CARRIER TYPE | |
| Carrier type term | volume |
| Source | rdacarrier |
| 500 ## - GENERAL NOTE | |
| General note | Includes index |
| 504 ## - BIBLIOGRAPHY, ETC. NOTE | |
| Bibliography, etc. note | Bibliography: pages 171-179 |
| 650 10 - SUBJECT ADDED ENTRY--TOPICAL TERM | |
| Topical term or geographic name entry element | Teeth |
| General subdivision | Care and hygiene |
| Topical term or geographic name entry element | Mouth |
| General subdivision | Care and hygiene |
| Topical term or geographic name entry element | Dental care |
| 700 0# - ADDED ENTRY--PERSONAL NAME | |
| Personal name | Nur Fathiah Farid, |
| Titles and other words associated with a name | Dr. |
| Relator term | author. |
| 942 ## - ADDED ENTRY ELEMENTS (KOHA) | |
| Source of classification or shelving scheme | Dewey Decimal Classification |
| Koha item type | Book |
| Withdrawn | Not for loan | Current library | Shelving location | Date acquired | Total Checkouts | Full call number | Barcode | Date last seen | Koha item type |
|---|---|---|---|---|---|---|---|---|---|
| Perpustakaan Alor Setar | Pinjaman Dewasa | 01/04/2026 | 617.601 FAR | A01911695 | 01/04/2026 | Book | |||
| Perpustakaan Awam Sungai Petani | Pinjaman Dewasa | 01/04/2026 | 617.601 FAR | A01911696 | 01/04/2026 | Book | |||
| Perpustakaan Baling | Pinjaman Dewasa | 01/04/2026 | 617.601 FAR | A01911700 | 01/04/2026 | Book | |||
| Perpustakaan Bandar Baharu | Pinjaman Dewasa | 01/04/2026 | 617.601 FAR | A01911701 | 01/04/2026 | Book | |||
| Perpustakaan Jitra | Pinjaman Dewasa | 01/04/2026 | 617.601 FAR | A01911697 | 01/04/2026 | Book | |||
| Perpustakaan Kulim | Pinjaman Dewasa | 01/04/2026 | 617.601 FAR | A01911699 | 01/04/2026 | Book | |||
| Perpustakaan Langkawi | Pinjaman Dewasa | 01/04/2026 | 617.601 FAR | A01911698 | 01/04/2026 | Book |